المسرح العالمي : (Record no. 15594)
[ view plain ]
| 000 -الفاتح | |
|---|---|
| حقل البيانات ثابتة الطول | 00918nam a22002537a 4500 |
| 003 - محدد رقم الضبط | |
| رقم الضبط | EG-ScBUE |
| 005 - وقت وتاريخ اخر تعامل مع التسجيلة | |
| رقم الضبط | 20211028121439.0 |
| 008 - عناصر البيانات ثابتة الطول - معلومات عامة | |
| حقل البيانات ثابتة الطول | 110614s1964 ua f 000 0 ara d |
| 040 ## - مصدر الفهرسة | |
| وكالة الفهرسة الأصلية | EG-ScBUE |
| لغة الفهرسة | ara |
| قواعد الوصف | rda |
| وكالة النسخ | EG-ScBUE |
| وكالة التعديل | EG-ScBUE |
| 082 04 - رقم تصنيف ديوى العشرى | |
| رقم التصنيف | 792.09 |
| رقم المادة | ع و ض |
| رقم الطبعة | 22 |
| 100 1# - المدخل الرئيسى - إسم شخصى | |
| 9 (RLIN) | 14402 |
| الإسم الشخصى | عوض، لويس، |
| التواريخ المصاحبة للاسم | 1915-1990، |
| الدور | مؤلف. |
| 245 12 - بيان العنوان | |
| العنوان | المسرح العالمي : |
| بقية العنوان | من أسخيلوس إلى أرثر ميللر / |
| بيان المسئوليه,etc | بقلم الدكتور لويس عوض. |
| 264 #1 - النشر، التوزيع | |
| مكان الناشر او الموزع | القاهرة : |
| اسم الناشر او الموزع | دار المعارف، |
| تاريخ النشر أو التوزيع | 1964. |
| 300 ## - الوصف المادى | |
| التعداد | 515 صفحة ؛ |
| أبعاد الوعاء | 24 سم. |
| 336 ## - نوع المحتوى | |
| source | rdacontent |
| Carrier Type Term | نص |
| Content Type Code | txt |
| 337 ## - نوع الوسيط | |
| source | rdamedia |
| Media Type Term | بدون وسيط |
| Media Type Code | n |
| 338 ## - نوع الحامل أو الناقل | |
| source | rdacarrier |
| Carrier Type Term | مجلد |
| Carrier Type Code | nc |
| 490 ## - بيان السلسلة | |
| عنوان السلسلة | مكتبة السينما والمسرح |
| 650 #7 - المدخل الاضافى بالموضوع-مصطلح موضوعى | |
| 9 (RLIN) | 15764 |
| مصطلح موضوعي أو اسم جغرافي كعنصر مدخل | المسرح |
| التقسيم الفرعي العام | تاريخ. |
| مصدر الرأس أو المصطلح | BUEsh |
| 651 ## - المدخل الاضافى بالموضوع - اسم جغرافى | |
| مصدر الرأس أو المصطلح | BUEsh |
| 653 ## - مصطلح تكشيفى غير مقيد | |
| Resource For college | Arts and Design |
| Arrived date list | October2021 |
| 655 ## - مصطلح تكشيفى-نوع/شكل | |
| التقسيم الفرعي الشكلي | Reading book |
| -- | 34232 |
| 942 ## - عناصر المدخل الإضافي( كوها) | |
| مصدر التصنيف او مخطط الترفيف | Dewey Decimal Classification |
| Koha [default] item type | Book - Borrowing |
| حالة التراجع | حالة الفقد | مصدر التصنيف او خطة الترفيف | حالة تلف | ليس للاعارة | المكان الدائم | المكان الحالي | موقع الترفيف | تاريخ الاكتساب | Source of acquisition | رقم الاستدعاء | الباركود | Date last seen | نوع الوعاء |
|---|---|---|---|---|---|---|---|---|---|---|---|---|---|
| Dewey Decimal Classification | Central Library | Central Library | Second Floor | 14/06/2011 | Donation | 792.09 ع و ض | 000024196 | 15/07/2025 | Book - Borrowing |